| 000 | 01601cam a2200385 i 4500 | ||
|---|---|---|---|
| 999 |
_c1706 _d1706 |
||
| 001 | 17935191 | ||
| 003 | GZU | ||
| 005 | 20201021113825.0 | ||
| 008 | 131108s2014 enk b 011 0 eng | ||
| 010 | _a 2013954859 | ||
| 020 | _a9780199677856 (cloth) | ||
| 040 |
_aDLC _beng _erda _cDLC _dDLC |
||
| 042 | _apcc | ||
| 050 | 0 | 0 |
_aHC79.E5 _bENV 2014 |
| 245 | 0 | 0 |
_aEnvironment and Development Economics : _bEssays in Honor of Sir Partha Dasgupta / _cEDITED BY SCOTT BARRETT, KARL-GÖRAN MÄLER, AND ERIC S. MASKIN. |
| 250 | _aFirst Edition. | ||
| 264 | 1 |
_aOxford : _bOXFORD UNIVERSITY PRESS, _c2014. |
|
| 300 |
_axvi, 411 pages ; _c24 cm |
||
| 336 |
_atext _btxt _2rdacontent |
||
| 337 |
_aunmediated _bn _2rdamedia |
||
| 338 |
_avolume _bnc _2rdacarrier |
||
| 504 | _aIncludes bibliographical references and indexes. | ||
| 650 | 0 | _aEnvironmental economics. | |
| 650 | 0 |
_aEconomic development _xEnvironmental aspects. |
|
| 650 | 0 |
_aEnvironmental policy _xEconomic aspects. |
|
| 700 | 1 |
_aDasgupta, Partha, _ehonouree. |
|
| 700 | 1 |
_aBarrett, Scott _c(Professor of natural resource economics) _eeditor. |
|
| 700 | 1 |
_aMäler, Karl-Göran, _eeditor. |
|
| 700 | 1 |
_aMaskin, Eric, _eeditor. |
|
| 856 | 4 | 1 |
_3Table of contents only _uhttp://www.loc.gov/catdir/enhancements/fy1412/2013954859-t.html |
| 856 | 4 | 2 |
_3Publisher description _uhttp://www.loc.gov/catdir/enhancements/fy1412/2013954859-d.html |
| 856 | 4 | 2 |
_3Contributor biographical information _uhttp://www.loc.gov/catdir/enhancements/fy1412/2013954859-b.html |
| 906 |
_a7 _bcbc _corigres _d2 _encip _f20 _gy-gencatlg |
||
| 942 |
_2lcc _cBK _h79.E5 _iENV _kHC |
||